000 00521nam a2200181Ia 4500
999 _c37340
_d37340
003 OSt
005 20200929124744.0
008 190216s9999||||xx |||||||||||||| ||und||
040 _coclc
082 _a596.04
_bROM/V
100 _aRomer, Alfred Sherwood
_95144
245 0 _aThe Vertebrate Body /
_cAlfred Sherwood Romer
250 _a3rd Ed.
260 _bVakils Feffer & Simons Pvt,
_c1965.
_aBombay:
300 _a627p
650 _aZoology
942 _cBK
_2ddc
_h596.04
_iROM/V
_k596.04
_mROM/V